Logo BPK

Biblioteka

Politechniki Koszalińskiej

Forum. (Rekord nr 35415)

Szczegóły MARC
000 -ETYKIETA REKORDU
podpole kontrolne o stałej długości 01116nam a2200265 i 4500
001 - NUMER KONTROLNY REKORDU
pole kontrolne bg
020 ## - MIĘDZYNARODOWY ZNORMALIZOWANY NUMER KSIĄŻKI - ISBN
ISBN 839158013X
040 ## - ŹRÓDŁO KATALOGOWANIA
Instytucja, która utworzyła rekord BPK
041 0# - KOD JĘZYKA
Kod języka tekstu pol
080 ## - UNIWERSALNA KLASYFIKACJA DZIESIĘTNA - UKD
UKD 338.43(4-67:438)
920 ## - Międzynarodowy znormalizowany numer książki – ISBN
ISBN 83-915801-3-X
008 - POLE O STAŁEJ DŁUGOŚCI - DANE KONTROLNE
podpole kontrolne o stałej długości s pl f |000 0 pol
245 00 - TYTUŁ/ODPOWIEDZIALNOŚĆ
Tytuł Forum.
Oznaczenie części/sekcji dzieła Z. 1 /
Pozostałe elementy strefy tytułu i oznaczenia odpowiedzialności Pełnomocnik Rządu do Spraw Negocjacji o Członkostwo RP w Unii Europejskiej, Kancelaria Prezesa Rady Ministrów, Krajowe Centum Doradztwa Rozwoju Rolnictwa i Obszarów Wiejskich ; [aut. odpowiedzi Zofia Krzyżanowska et al.]
260 ## - STREFA ADRESU WYDAWNICZEGO
Miejsce wydania Warszawa :
Nazwa wydawcy/dystrybutora Krajowe Centrum Doradztwa Rozwoju Rolnictwa i Obszarów Wiejskich :
-- Kancelaria Prezesa Rady Ministrów,
Data publikacji, dystrybucji/powstania dokumentu 2001.
300 ## - STREFA OPISU FIZYCZNEGO
Objętość 50 s. ;
Rozmiary 24 cm.
610 29 - HASŁO PRZEDMIOTOWE W FORMIE NAZWY CIAŁA ZBIOROWEGO
Nazwa ciała zbiorowego lub nazwa geograficzna Unia Europejska
Określnik ogólny a Polska
-- rolnictwo
650 #9 - HASŁO PRZEDMIOTOWE W FORMIE NAZWY OGÓLNEJ LUB JEDNOSTKOWEJ
Nazwa ogólna lub geograficzna Rolnictwo
Określnik ogólny prawo wspólnotowe europejskie
650 #9 - HASŁO PRZEDMIOTOWE W FORMIE NAZWY OGÓLNEJ LUB JEDNOSTKOWEJ
Nazwa ogólna lub geograficzna Rolnictwo
Określnik ogólny prawo
Określnik geograficzny Polska
651 #9 - HASŁO PRZEDMIOTOWE W FORMIE NAZWY GEOGRAFICZNEJ
Nazwa geograficzna Polska
Określnik ogólny a Unia Europejska
-- rolnictwo
655 ## - TERMIN INDEKSOWY - OKREŚLENIE RODZAJU/FORMY DOKUMENTU
Określenie rodzaju/formy dokumentu Wydawnictwa popularne
700 1# - HASŁO DODATKOWE - NAZWA OSOBOWA
Nazwa osobowa KRZYŻANOWSKA, Zofia
710 0# - HASŁO DODATKOWE - NAZWA CIAŁA ZBIOROWEGO
Nazwa ciała zbiorowego lub jednostki geograficznej Krajowe Centrum Doradztwa Rozwoju Rolnictwa i Obszarów Wiejskich
710 0# - HASŁO DODATKOWE - NAZWA CIAŁA ZBIOROWEGO
Nazwa ciała zbiorowego lub jednostki geograficznej Kancelaria Prezesa Rady Ministrów
856 ## - LOKALIZACJA I DOSTĘP DO ELEKTRONICZNYCH DOKUMENTÓW ZDALNYCH
Link (URL) http://koha.tu.koszalin.pl/cgi-bin/koha/opac-detail.pl?biblionumber=35415
Tekst linku Katalog online BPK
942 ## - DODATKOWE ELEMENTY (KOHA)
Typ dokumentu Książka
Egzemplarze
Wycofany Status egzemplarza Uszkodzony Dostępność Lokalizacja stała Lokalizacja bieżąca Miejsce przechowywania Sygnatura Kod kreskowy Dział Typ dokumentu
      Tylko na miejscu Biblioteka Politechniki Koszalińskiej Biblioteka Politechniki Koszalińskiej Czytelnia Wydziałowa ul. Kwiatkowskiego 6e S 131 01919776 338.43 Ekonomika rolnictwa. Gospodarka żywnościowa Książka
© 2023 Biblioteka Politechniki Koszalińskiej :: KOHA